LEADER 00950nam a2200229 u 4500 001 000000019548 003 CaOOAMICUS 005 20070226110811.0 008 950331s1939 it u000 u ita u 035 $a10470349 040 $aPUL(R)$bita 100 1 $aDes Planches, Désiré.$0(OLS)http://pul/name/17174 245 13$aIl Cantico dei cantici /$ccommento del P. Désiré des Planchés ; a cura di Don Giovanni Montali. 260 $aSiena :$bCantagalli,$c1939. 300 $a205 p. ;$c19 cm 630 04$aBiblia.$pV.T.$pCanticum canticorum.$0(OLS)http://pul/subject/7949 700 1 $aMontali, Giovanni.$0(OLS)http://pul/name/17178 850 $aPUL 852 $aPUL$W1$xDP1 Fondo Cecchetti$y53$m265 C 38$j27445$nBK-PRI$b $qFondi$B27445$CPULBib$Z2$F27445 $HPUL1144 $81 941 1 $a1 996 $6245$aIl Cantico dei cantici$9(OLS)http://pul/title/27693 996 $6260$aSiena :$bCantagalli$9(OLS)http://pul/publisher/48759 LEADER 01571nam a2200337 u 4500 001 000000105706 003 CaOOAMICUS 005 20070615160049.0 008 070615s2006 it u000 u ita u 020 $a88-8294-906-0 040 $aPUL$bita 110 1 $aItalia.$0(OLS)http://pul/name/1188 240 10$aCodice di procedura penale$9(Italia).$0(OLS)http://pul/title/69944 245 13$aIl codice di procedura penale e il processo penale minorile commentati con la giurisprudenza /$ca cura di Piermaria Corso. 250 $a21. ed. 260 $aPiacenza :$bLa Tribuna,$c2006. 300 $a2392 p. ;$c21 cm 490 1 $a2006 i codici commentati 500 $aContiene indici. 630 04$aCodice di procedura penale$zItalia.$0(OLS)http://pul/subject/20312 650 4$aProcedura penale$zItalia.$0(OLS)http://pul/subject/12686 650 4$aDiritto minorile.$0(OLS)http://pul/subject/17921 650 4$aProcesso penale.$0(OLS)http://pul/subject/24333 700 1 $aCorso, Piermaria.$0(OLS)http://pul/name/35334 830 0$a2006 i codici commentati.$0(OLS)http://pul/title/133062 850 $aPUL 852 $aPUL$W1$xSL Diritto e Scienze Sociali 3$y79$m345. 45 CODPRPEN 2$j118642$qDDC 21$B118399$CPULBib$Z2$F118399 $H101928 $81 941 1 $a9 996 $6020$a88-8294-906-0$9(OLS)http://pul/number/134892 996 $6245$aIl codice di procedura penale e il processo penale minorile commentati con la giurisprudenza$9(OLS)http://pul/title/104061 996 $6260$aPiacenza :$bLa Tribuna$9(OLS)http://pul/publisher/69734